00544 2200205 4500001002100000005001700021020001800038035002500056040001200081082001300093084001900106100001800125245007100143260003600214300002800250650001400278850001200292990001700304990001700321YOGYA00000000003654120150707110920.0 a979-661-077-9 a0010-081400000036259 aYOPDYOG a133.3337 a133.3337 Jok M aJoko Darmawan aMerencanakan Rumah Berdasarkan Feng Shung Ba Zhai /cJoko Darmawan aUngaranbTrubus Agriwidyac2005 a87 hlm.:bilus.;c21cm. aFeng Shui aYOPDYOG a1710-PK/B.05 a1709-PK/B.05